[Event "Ct. Catalunya Veterans"]
[Site "Santa Susanna"]
[Date "2013.05.06"]
[Round "3"]
[White "Franquet Escriva, J."]
[Black "Garcia Riera, J."]
[Result "1/2-1/2"]
[WhiteElo "2094"]
[BlackElo "2054"]
[PlyCount "37"]
[EventDate "2013.??.??"]
[EventType "swiss"]
[EventRounds "9"]

1. e4 Nf6 2. e5 Nd5 3. d4 d6 4. Nf3 g6 5. Be2 Bg7 6. O-O O-O 7. c4 Nb6 8. exd6
cxd6 9. Nc3 Nc6 10. b3 e5 11. dxe5 dxe5 12. Ba3 Re8 13. Qxd8 Rxd8 14. Rad1 Bf5
15. c5 e4 16. Rxd8+ Rxd8 17. Nxe4 Bxe4 18. cxb6 axb6 19. Bc1 1/2-1/2

[Event "Ct. Catalunya Veterans"]
[Site "Santa Susanna"]
[Date "2013.05.06"]
[Round "3"]
[White "Grau Brumos, I."]
[Black "Tejero Royo, F."]
[Result "0-1"]
[WhiteElo "2123"]
[BlackElo "2088"]
[PlyCount "78"]
[EventDate "2013.??.??"]
[EventType "swiss"]
[EventRounds "9"]

1. e4 e5 2. Nf3 Nc6 3. Bb5 a6 4. Ba4 d6 5. O-O Bd7 6. c3 g6 7. d4 Bg7 8. Bg5
Nge7 9. dxe5 dxe5 10. Qe2 f6 11. Be3 Qc8 12. b4 O-O 13. Bb3+ Be6 14. Qc2 g5 15.
Nbd2 Ng6 16. g3 Kh8 17. Bxe6 Qxe6 18. Kg2 h5 19. h3 Rf7 20. Bxg5 fxg5 21. Nxg5
Qf6 22. Nxf7+ Qxf7 23. Nf3 Bh6 24. Rad1 Rg8 25. Ng1 Nd8 26. Kh1 Ne6 27. Qe2 h4
28. Qh5 Kg7 29. Ne2 Qe7 30. Rd3 Rf8 31. Qg4 Rf7 32. Rfd1 Nef8 33. Rf3 Rxf3 34.
Qxf3 Qe6 35. Kg2 Qxa2 36. Rd5 Qc4 37. Qg4 Kh7 38. Qf3 b6 39. gxh4 Qxe2 0-1

[Event "Ct. Catalunya Veterans"]
[Site "Santa Susanna"]
[Date "2013.05.06"]
[Round "3"]
[White "Lluverol Torrents, S."]
[Black "Gonzalez Moreno, A."]
[Result "1/2-1/2"]
[WhiteElo "2070"]
[BlackElo "1754"]
[PlyCount "80"]
[EventDate "2013.??.??"]
[EventType "swiss"]
[EventRounds "9"]

1. d4 d5 2. c4 e6 3. Nc3 Nf6 4. Bg5 Nbd7 5. e3 Be7 6. Nf3 a6 7. a3 dxc4 8. Bxc4
b5 9. Be2 c5 10. dxc5 Nxc5 11. O-O Bb7 12. b4 Nce4 13. Nxe4 Nxe4 14. Bxe7 Qxe7
15. Qb3 O-O 16. Qb2 Rac8 17. Rac1 Rfd8 18. Rxc8 Rxc8 19. Rc1 Rxc1+ 20. Qxc1 Qd6
21. h3 h6 22. Qc2 Qc6 23. Qxc6 Bxc6 24. Nd4 Bd5 25. Bd3 Kf8 26. Bxe4 Bxe4 27.
Nb3 Bb7 28. Nc5 Bc8 29. f4 Ke7 30. e4 Kd6 31. Kf2 a5 32. Ke3 axb4 33. axb4 f6
34. Nb3 Bd7 35. Nc1 Bc6 36. Ne2 g6 37. Nc3 h5 38. g3 Bd7 39. h4 Bc6 40. Ne2 Bd7
1/2-1/2

[Event "Ct. Catalunya Veterans"]
[Site "Santa Susanna"]
[Date "2013.05.06"]
[Round "3"]
[White "Marchador Villalba, J."]
[Black "Coll Enriquez, L."]
[Result "0-1"]
[WhiteElo "2065"]
[BlackElo "2170"]
[PlyCount "76"]
[EventDate "2013.??.??"]
[EventType "swiss"]
[EventRounds "9"]

1. d4 Nf6 2. Bg5 Ne4 3. Bh4 d5 4. Nd2 g6 5. e3 Bg7 6. Ngf3 c5 7. c3 Nc6 8. Bd3
cxd4 9. exd4 Nd6 10. Qc2 Nf5 11. Bg3 Nxg3 12. hxg3 Bg4 13. Qa4 O-O 14. O-O Qd6
15. Rfe1 Bd7 16. Qb3 b6 17. Bb5 Na5 18. Qa4 Bf5 19. Ne5 f6 20. Nc6 Nxc6 21.
Bxc6 Rac8 22. Bb5 Rc7 23. Nf3 Kh8 24. Nh4 Be4 25. Rad1 g5 26. Nf3 g4 27. Nh4 f5
28. Bd3 Qh6 29. Bxe4 fxe4 30. Qc2 e6 31. f3 gxf3 32. gxf3 Bf6 33. Qh2 Bxh4 34.
Qxh4 Qxh4 35. gxh4 Rg7+ 36. Kh2 Rf4 37. Kh3 Rxf3+ 38. Kh2 Rf4 0-1

[Event "Ct. Catalunya Veterans"]
[Site "Santa Susanna"]
[Date "2013.05.06"]
[Round "3"]
[White "Sanchez Esteban, E."]
[Black "Monedero Gonzalez, J."]
[Result "0-1"]
[WhiteElo "1915"]
[BlackElo "2070"]
[PlyCount "28"]
[EventDate "2013.??.??"]
[EventType "swiss"]
[EventRounds "9"]

1. d4 Nf6 2. Nf3 e6 3. c4 b6 4. Bg5 h6 5. Bh4 Bb7 6. Bxf6 Qxf6 7. Nbd2 Bxf3 8.
exf3 Qxd4 9. Qc2 Bc5 10. Ne4 Bb4+ 11. Nc3 Qe5+ 12. Be2 Nc6 13. O-O Nd4 14. Qe4
Qxe4 0-1

[Event "Ct. Catalunya Veterans"]
[Site "Santa Susanna"]
[Date "2013.05.06"]
[Round "3"]
[White "Simon Padros, E."]
[Black "Coll Sola, J."]
[Result "1-0"]
[WhiteElo "2221"]
[BlackElo "2062"]
[PlyCount "57"]
[EventDate "2013.??.??"]
[EventType "swiss"]
[EventRounds "9"]

1. e4 c5 2. Nf3 Nc6 3. d4 cxd4 4. Nxd4 Nf6 5. Nc3 e6 6. Ndb5 d6 7. Bf4 e5 8.
Bg5 a6 9. Na3 Be7 10. Bxf6 Bxf6 11. Nc4 Nd4 12. Nd5 Be6 13. Ncb6 Bxd5 14. Nxd5
O-O 15. c3 Nc6 16. h4 Rc8 17. g3 Na5 18. Bh3 Rc6 19. b3 b5 20. O-O Nb7 21. b4
g6 22. a4 Bg7 23. axb5 axb5 24. Ra7 Rc7 25. Qe2 Qb8 26. Rfa1 Rc4 27. Qe3 f5 28.
Qb6 fxe4 29. Rxb7 1-0

[Event "Ct. Catalunya Veterans"]
[Site "Santa Susanna"]
[Date "2013.05.07"]
[Round "4"]
[White "Barahona Merino, G."]
[Black "Marchador Villalba, J."]
[Result "1/2-1/2"]
[WhiteElo "1876"]
[BlackElo "2065"]
[PlyCount "117"]
[EventDate "2013.??.??"]
[EventType "swiss"]
[EventRounds "9"]

1. d4 Nf6 2. Nf3 e6 3. c4 c5 4. e3 b6 5. Nc3 Bb7 6. d5 exd5 7. cxd5 d6 8. e4 g6
9. Bg5 Bg7 10. Qd2 h6 11. Bf4 g5 12. Bg3 Nh5 13. Bb5+ Kf8 14. O-O a6 15. Be2
Nxg3 16. fxg3 b5 17. a3 Nd7 18. Nd1 Bc8 19. Ne3 Nf6 20. Qc2 Qe7 21. Nd2 Bd7 22.
Nf5 Bxf5 23. Rxf5 Re8 24. Raf1 Kg8 25. Bf3 g4 26. Bd1 h5 27. R5f4 Rh7 28. Qb1
Nd7 29. Bc2 Bd4+ 30. Kh1 Be5 31. Rf5 h4 32. Qd1 Rg7 33. Rh5 hxg3 34. Rff5 f6
35. Nf1 Kf7 36. Nxg3 Bxg3 37. hxg3 Ne5 38. Rh6 Rf8 39. Rfxf6+ Qxf6 40. Rxf6+
Kxf6 41. Qd2 Kg6 42. Kg1 Rgf7 43. Qe2 c4 44. Bd1 a5 45. Qe1 b4 46. Be2 bxa3 47.
bxa3 Rb8 48. Qc1 Rfb7 49. Qf4 Rb1+ 50. Kf2 R1b7 51. Qf5+ Kg7 52. Qg5+ Ng6 53.
Bxc4 Rc7 54. Be2 Rb2 55. Qxg4 Rcc2 56. Qd7+ Kg8 57. Qe6+ Kg7 58. Qd7+ Kg8 59.
Qe6+ 1/2-1/2

[Event "Ct. Catalunya Veterans"]
[Site "Santa Susanna"]
[Date "2013.05.07"]
[Round "4"]
[White "Bonell Mitjans, A."]
[Black "Buxade Roca, G."]
[Result "0-1"]
[WhiteElo "2096"]
[BlackElo "2084"]
[PlyCount "64"]
[EventDate "2013.??.??"]
[EventType "swiss"]
[EventRounds "9"]

1. e4 c5 2. Nf3 Nc6 3. d4 cxd4 4. Nxd4 Nf6 5. Nc3 e5 6. Ndb5 d6 7. Bg5 a6 8.
Na3 b5 9. Nd5 Be7 10. Bxf6 Bxf6 11. Be2 O-O 12. O-O Bg5 13. Bg4 Ne7 14. Bxc8
Rxc8 15. c3 f5 16. Nxe7+ Qxe7 17. exf5 Rxf5 18. Qd5+ Kh8 19. Rad1 Rcf8 20. Nc2
Qa7 21. Qd3 Rxf2 22. Kh1 e4 23. Qe2 h6 24. Nd4 Qf7 25. Rxf2 Qxf2 26. g3 Qxe2
27. Nxe2 Rf2 28. Nf4 Bxf4 29. gxf4 Rxf4 30. Rxd6 e3 31. Kg1 e2 32. Re6 Rf1+ 0-1

[Event "Ct. Catalunya Veterans"]
[Site "Santa Susanna"]
[Date "2013.05.07"]
[Round "4"]
[White "Borras Julian, T."]
[Black "Grau Brumos, I."]
[Result "1/2-1/2"]
[WhiteElo "2010"]
[BlackElo "2123"]
[PlyCount "89"]
[EventDate "2013.??.??"]
[EventType "swiss"]
[EventRounds "9"]

1. e4 g6 2. d4 Bg7 3. f4 c5 4. c3 cxd4 5. cxd4 Qb6 6. Nf3 Nc6 7. e5 d6 8. Bc4
dxe5 9. dxe5 Nh6 10. Qb3 Qxb3 11. Bxb3 Bg4 12. O-O Nf5 13. Ba4 O-O 14. Bxc6
bxc6 15. Nc3 Rab8 16. h3 Bxf3 17. Rxf3 Rfd8 18. g4 Nd4 19. Rf2 f6 20. exf6 Bxf6
21. g5 Bg7 22. Be3 Rd7 23. Rd1 c5 24. Kh1 Rd6 25. Rfd2 Rf8 26. Kg2 Re6 27. Kf2
Be5 28. Nd5 Rf5 29. b4 Bg7 30. bxc5 Rxd5 31. Bxd4 Bxd4+ 32. Rxd4 Rxc5 33. R1d2
Rc3 34. R4d3 Rcc6 35. Ra3 a6 36. Re3 Kf7 37. Rxe6 Kxe6 38. Re2+ Kf5 39. Kf3
Rc3+ 40. Re3 Rxe3+ 41. Kxe3 e5 42. fxe5 Kxe5 43. h4 Kd5 44. Kd3 Ke5 45. Ke3
1/2-1/2

[Event "Ct. Catalunya Veterans"]
[Site "Santa Susanna"]
[Date "2013.05.07"]
[Round "4"]
[White "Coll Enriquez, L."]
[Black "Anguera Maestro, J."]
[Result "1-0"]
[WhiteElo "2170"]
[BlackElo "2185"]
[PlyCount "114"]
[EventDate "2013.??.??"]
[EventType "swiss"]
[EventRounds "9"]

1. e4 d5 2. exd5 Qxd5 3. Nc3 Qa5 4. Bc4 Nf6 5. d3 c6 6. Nf3 Bg4 7. h3 Qh5 8.
Bf4 Bxf3 9. Qxf3 Qxf3 10. gxf3 Nbd7 11. O-O-O Nb6 12. Bb3 Nbd5 13. Be5 Nxc3 14.
Bxc3 Nd5 15. Bd2 e6 16. Rhg1 g6 17. Kb1 Bg7 18. h4 h5 19. Bg5 Bh6 20. c4 Ne7
21. Bf6 Rg8 22. d4 Bg7 23. Bg5 Nf5 24. d5 Nd4 25. dxe6 fxe6 26. Rge1 Kf7 27. c5
Rge8 28. Re4 Nxb3 29. Rd7+ Kg8 30. axb3 Rab8 31. Ra4 Rf8 32. f4 Bf6 33. Rxa7
Bxg5 34. fxg5 Rf7 35. Rd6 Re8 36. f4 Kg7 37. Ra4 e5 38. fxe5 Rxe5 39. Rc4 Re2
40. Rcd4 Rfe7 41. Ka2 R2e4 42. Ka3 Kf7 43. Rf6+ Ke8 44. Rdd6 Rxh4 45. Rxg6 Re1
46. Rde6+ Rxe6 47. Rxe6+ Kf7 48. Rh6 Kg7 49. b4 Rh1 50. b5 cxb5 51. Kb4 Rh2 52.
b3 Rh3 53. Rb6 h4 54. Rxb7+ Kg6 55. Rxb5 Rh1 56. c6 Rc1 57. Rc5 Rxc5 1-0

[Event "Ct. Catalunya Veterans"]
[Site "Santa Susanna"]
[Date "2013.05.07"]
[Round "4"]
[White "Fernandez Perez, J."]
[Black "Navarro Alvarez, A."]
[Result "0-1"]
[WhiteElo "2072"]
[BlackElo "1973"]
[PlyCount "114"]
[EventDate "2013.??.??"]
[EventType "swiss"]
[EventRounds "9"]

1. e4 g6 2. d4 Bg7 3. Nf3 d6 4. Bc4 c6 5. O-O b5 6. Bd3 Bg4 7. c3 Nf6 8. Re1
O-O 9. h3 Be6 10. Qe2 Nbd7 11. Ng5 a6 12. Be3 Nb6 13. f4 Bc4 14. Nd2 Bxd3 15.
Qxd3 Rc8 16. e5 Nfd5 17. e6 f5 18. g3 Qc7 19. Bf2 Nf6 20. Nf1 d5 21. Nf7 Ne4
22. Qf3 Nc4 23. g4 Ncd6 24. Ne5 Rf6 25. gxf5 Nxf5 26. Ng3 Nfxg3 27. Bxg3 Rxe6
28. Rxe4 dxe4 29. Qxe4 Rf6 30. Ng4 Rf5 31. Rd1 Rf7 32. Kh2 Qd7 33. Bh4 Rcf8 34.
Bg5 b4 35. Bh6 Qd6 36. Bxg7 Kxg7 37. Kg2 bxc3 38. bxc3 h5 39. Ne5 Rxf4 40. Qxc6
Rf2+ 41. Kg1 Rxa2 42. Qxd6 exd6 43. Nc4 d5 44. Ne3 Rd8 45. Rb1 Re2 46. Ng2 Rc2
47. Rb7+ Kh6 48. Rb6 Rxc3 49. Rxa6 Rxh3 50. Nf4 Rg3+ 51. Kh2 Rg4 52. Ne6 Rb8
53. Rd6 Rb2+ 54. Kh3 Rb3+ 55. Kh2 Re4 56. Kg2 Re2+ 57. Kf1 Ra2 0-1

[Event "Ct. Catalunya Veterans"]
[Site "Santa Susanna"]
[Date "2013.05.07"]
[Round "4"]
[White "Garcia Riera, J."]
[Black "Nicolau Serrato, M."]
[Result "1/2-1/2"]
[WhiteElo "2054"]
[BlackElo "1941"]
[PlyCount "126"]
[EventDate "2013.??.??"]
[EventType "swiss"]
[EventRounds "9"]

1. d4 d5 2. c4 e6 3. Nf3 c5 4. cxd5 exd5 5. Nc3 Nf6 6. Bg5 Be6 7. e3 Be7 8.
Bb5+ Nc6 9. Ne5 Rc8 10. O-O O-O 11. Nf3 c4 12. Ba4 Bg4 13. h3 Bf5 14. Bc2 Bxc2
15. Qxc2 a6 16. a3 Re8 17. Rad1 b5 18. Rfe1 b4 19. Bxf6 Bxf6 20. axb4 Nxb4 21.
Qb1 Nd3 22. Re2 Rb8 23. Ne1 Bxd4 24. exd4 Rxe2 25. Nxe2 Rxb2 26. Qa1 Rxe2 27.
Nxd3 cxd3 28. Rxd3 Qf6 29. Rf3 Qe6 30. Qa5 h6 31. Qd8+ Kh7 32. Qc7 f6 33. Rg3
Qe7 34. Qc8 Re6 35. Qc2+ Kh8 36. Qc8+ Qe8 37. Qb7 Qg8 38. Kh2 Re4 39. Qxa6 Rxd4
40. Qa7 Re4 41. Qd7 Re2 42. Rc3 Re8 43. Rc7 Rd8 44. Qf7 Qxf7 45. Rxf7 d4 46.
Ra7 d3 47. Ra1 g5 48. Kg3 Kg7 49. Kf3 Kg6 50. Ke3 d2 51. Ke2 f5 52. Kd1 Rd6 53.
Ra2 h5 54. Rxd2 Rxd2+ 55. Kxd2 Kf6 56. Kd3 Ke5 57. Ke3 f4+ 58. Kf3 Kf5 59. g4+
fxg3 60. fxg3 g4+ 61. hxg4+ hxg4+ 62. Ke3 Ke5 63. Kd3 Kd5 1/2-1/2

[Event "Ct. Catalunya Veterans"]
[Site "Santa Susanna"]
[Date "2013.05.07"]
[Round "4"]
[White "Monedero Gonzalez, J."]
[Black "Duran Vallverdu, J."]
[Result "1-0"]
[WhiteElo "2070"]
[BlackElo "2008"]
[PlyCount "51"]
[EventDate "2013.??.??"]
[EventType "swiss"]
[EventRounds "9"]

1. d4 Nf6 2. Nf3 g6 3. Bf4 Bg7 4. Nc3 O-O 5. Qd2 d6 6. h3 c5 7. d5 Na6 8. e4
Qb6 9. Bc4 Qb4 10. Bxa6 bxa6 11. O-O Qxb2 12. Rab1 Qa3 13. Rb3 Qa5 14. Rfb1 c4
15. Rb4 Nh5 16. Bh6 Qc5 17. Bxg7 Kxg7 18. Qd4+ Qxd4 19. Nxd4 a5 20. Ra4 e6 21.
Rxa5 Nf4 22. Rb4 exd5 23. exd5 Bd7 24. Rb7 Rfd8 25. Raxa7 Rxa7 26. Rxa7 1-0

[Event "Ct. Catalunya Veterans"]
[Site "Santa Susanna"]
[Date "2013.05.07"]
[Round "4"]
[White "Santolaria Peña, M."]
[Black "Lluverol Torrents, S."]
[Result "1/2-1/2"]
[WhiteElo "1903"]
[BlackElo "2070"]
[PlyCount "94"]
[EventDate "2013.??.??"]
[EventType "swiss"]
[EventRounds "9"]

1. d4 d5 2. Nf3 Nf6 3. e3 c6 4. Bd3 g6 5. O-O Bg7 6. Nbd2 O-O 7. c3 Bf5 8. Qe2
Bxd3 9. Qxd3 Nbd7 10. Re1 Re8 11. e4 dxe4 12. Nxe4 Nxe4 13. Qxe4 e5 14. Qd3
exd4 15. Rxe8+ Qxe8 16. Nxd4 Qe1+ 17. Qf1 Qxf1+ 18. Kxf1 Bxd4 19. cxd4 Nb6 20.
Bg5 Nd5 21. Re1 f6 22. Bd2 Kf7 23. g3 Re8 24. Rxe8 Kxe8 25. Ke2 Kf7 26. Kd3 Ke6
27. a3 b5 28. b3 h5 29. a4 a6 30. Ke4 Nb6 31. a5 Nd5 32. h4 f5+ 33. Kd3 Nf6 34.
f3 Nd5 35. Ke2 Nc7 36. Bf4 Nd5 37. Kd3 Kd7 38. Bd2 Ke6 39. Ke2 Nc7 40. Kf2 Nd5
41. Ke2 Kd6 42. Bf4+ Ke6 43. Kd3 Kd7 44. Be5 Ke6 45. Ke2 Nb4 46. Bg7 Nd5 47.
Bh6 Kd6 1/2-1/2

[Event "Ct. Catalunya Veterans"]
[Site "Santa Susanna"]
[Date "2013.05.07"]
[Round "4"]
[White "Tarrus Galter, N."]
[Black "Franquet Escriva, J."]
[Result "0-1"]
[WhiteElo "1975"]
[BlackElo "2094"]
[PlyCount "122"]
[EventDate "2013.??.??"]
[EventType "swiss"]
[EventRounds "9"]

1. d4 Nf6 2. c4 e6 3. Nf3 Bb4+ 4. Bd2 Qe7 5. g3 O-O 6. Bg2 Bxd2+ 7. Nbxd2 d6 8.
e4 e5 9. d5 Nbd7 10. b4 a5 11. a3 Nb6 12. O-O Bd7 13. Qe2 Ra7 14. c5 dxc5 15.
bxc5 Qxc5 16. Nxe5 Bb5 17. Qd1 Bxf1 18. Qxf1 Raa8 19. Nef3 Rfe8 20. Qd3 Rad8
21. Nd4 a4 22. h3 c6 23. Re1 Nfxd5 24. N2f3 Ne7 25. Re2 Ng6 26. Rc2 Qd6 27. Qe3
c5 28. Nf5 Qd1+ 29. Ne1 Nd5 30. Qc1 Qxc1 31. Rxc1 Nf6 32. f3 b6 33. Bf1 Ne5 34.
Bb5 Rf8 35. f4 Ng6 36. e5 Nd5 37. Nf3 Nge7 38. Nd6 Ne3 39. Ng5 N3f5 40. Nge4
Nd4 41. Bd3 Nef5 42. Rc4 Nxd6 43. Nxd6 g6 44. Rxa4 Ra8 45. Ba6 Ne2+ 46. Kf2 Nc3
47. Rc4 Nd1+ 48. Ke2 Rxa6 49. Kxd1 Rxa3 50. Ne4 Ra2 51. Ke1 Rd8 52. Nd6 Rg2 53.
Rc3 Ra8 54. Kf1 Rb2 55. Rc1 b5 56. Ne4 c4 57. g4 b4 58. f5 c3 59. e6 fxe6 60.
fxe6 Kf8 61. Kg1 c2 0-1

[Event "Ct. Catalunya Veterans"]
[Site "Santa Susanna"]
[Date "2013.05.07"]
[Round "4"]
[White "Tejero Royo, F."]
[Black "Simon Padros, E."]
[Result "1/2-1/2"]
[WhiteElo "2088"]
[BlackElo "2221"]
[PlyCount "41"]
[EventDate "2013.??.??"]
[EventType "swiss"]
[EventRounds "9"]

1. d4 e6 2. c4 f5 3. Nc3 Nf6 4. g3 d5 5. Bg2 c6 6. Nf3 Bd6 7. Ne5 O-O 8. f4
Nbd7 9. e3 Ne4 10. Nxe4 fxe4 11. Bd2 Nxe5 12. fxe5 Be7 13. Rf1 Bd7 14. Qb3 Qb6
15. O-O-O Qxb3 16. axb3 g5 17. Rxf8+ Rxf8 18. Rf1 Rc8 19. c5 b6 20. b4 h5 21.
Kc2 1/2-1/2

[Event "Ct. Catalunya Veterans"]
[Site "Santa Susanna"]
[Date "2013.05.08"]
[Round "5"]
[White "Anguera Maestro, J."]
[Black "Tejero Royo, F."]
[Result "0-1"]
[WhiteElo "2185"]
[BlackElo "2088"]
[PlyCount "128"]
[EventDate "2013.??.??"]
[EventType "swiss"]
[EventRounds "9"]

1. d4 d5 2. Nf3 Nf6 3. e3 e6 4. Bd3 Be7 5. O-O O-O 6. Nbd2 b6 7. Qe2 Bb7 8. Ne5
Nbd7 9. Ndf3 g6 10. Nxd7 Nxd7 11. e4 dxe4 12. Bxe4 Bxe4 13. Qxe4 Nf6 14. Qd3 c5
15. Bh6 Re8 16. Rad1 cxd4 17. Nxd4 Qd5 18. Qf3 Rac8 19. Qxd5 Nxd5 20. c3 a5 21.
Be3 Red8 22. Nb5 Nxe3 23. fxe3 Bc5 24. Kf2 e5 25. Na7 Rxd1 26. Rxd1 Rc7 27. Nb5
Re7 28. a3 a4 29. Ke2 f5 30. Rd8+ Kf7 31. Nd6+ Bxd6 32. Rxd6 Re6 33. Rd5 Kf6
34. Rb5 Kg5 35. Rb4 f4 36. Rxa4 Kg4 37. Rc4 g5 38. a4 h5 39. Kf2 Re8 40. b4 Rd8
41. Ke1 h4 42. Re4 Kf5 43. Rc4 h3 44. gxh3 Rh8 45. e4+ Ke6 46. Rc6+ Kd7 47.
Rxb6 Rxh3 48. Rg6 Rxc3 49. Rxg5 Re3+ 50. Kf2 Rxe4 51. b5 Kd6 52. Rg6+ Kd5 53.
a5 Ra4 54. a6 Ke4 55. Kg2 Ra2+ 56. Kh3 Kf3 57. Rg7 e4 58. a7 Ra5 59. Rb7 e3 60.
Kh4 e2 61. Re7 Rxa7 62. Re6 Kf2 63. Kg4 f3 64. h4 Rg7+ 0-1

[Event "Ct. Catalunya Veterans"]
[Site "Santa Susanna"]
[Date "2013.05.08"]
[Round "5"]
[White "Bautista Sanchez, J."]
[Black "Sanchez Esteban, E."]
[Result "1-0"]
[WhiteElo "2188"]
[BlackElo "1915"]
[PlyCount "63"]
[EventDate "2013.??.??"]
[EventType "swiss"]
[EventRounds "9"]

1. Nf3 d5 2. c4 e6 3. e3 Nf6 4. b3 c6 5. Bb2 Nbd7 6. Be2 Bd6 7. d4 c5 8. O-O
Qc7 9. Nc3 a6 10. dxc5 Nxc5 11. cxd5 O-O 12. Rc1 Qe7 13. b4 Nce4 14. Nxe4 Nxe4
15. Qd4 Nf6 16. dxe6 Bxe6 17. a3 Rfd8 18. Qh4 Nd5 19. Qxe7 Bxe7 20. Nd4 Rd6 21.
Nxe6 fxe6 22. Bf3 Rad8 23. e4 Nf4 24. Be5 Rd3 25. Bxf4 Rxa3 26. Rc7 Bxb4 27.
Rxb7 Bc3 28. Bg4 e5 29. Be6+ Kf8 30. Bg5 Ra8 31. Be7+ Ke8 32. Bxa3 1-0

[Event "Ct. Catalunya Veterans"]
[Site "Santa Susanna"]
[Date "2013.05.08"]
[Round "5"]
[White "Buxade Roca, G."]
[Black "Coll Enriquez, L."]
[Result "1/2-1/2"]
[WhiteElo "2084"]
[BlackElo "2170"]
[PlyCount "105"]
[EventDate "2013.??.??"]
[EventType "swiss"]
[EventRounds "9"]

1. c4 c5 2. Nc3 Nc6 3. g3 g6 4. Bg2 Bg7 5. d3 Nh6 6. h4 f6 7. e4 d6 8. Nge2 e5
9. Nd5 Bg4 10. f3 Be6 11. Bd2 Nf7 12. Qb3 Rb8 13. Bh3 f5 14. O-O-O h5 15. Rdg1
Qd7 16. Nec3 Nd4 17. Qd1 O-O 18. exf5 Nxf5 19. Ne4 Bxd5 20. cxd5 Qb5 21. g4 Nd4
22. gxh5 Qxd3 23. Bf1 Qxf3 24. Qxf3 Nxf3 25. Rxg6 Nxd2 26. Kxd2 Nh8 27. Rg3 Kh7
28. Ng5+ Kh6 29. Ne6 Rf7 30. Rhg1 Bf6 31. Bd3 Bxh4 32. Rg8 Rxg8 33. Rxg8 Bf6
34. Bg6 Nxg6 35. hxg6 Rd7 36. Ke2 Bg7 37. Rd8 Rxd8 38. Nxd8 Kxg6 39. Nxb7 Bf8
40. Nd8 Kf5 41. b3 Ke4 42. Nc6 a6 43. Nb4 a5 44. Nc6 a4 45. bxa4 Kxd5 46. Nb8
c4 47. a5 c3 48. a6 c2 49. a7 c1=Q 50. a8=Q+ Ke6 51. Nc6 Bh6 52. Qg8+ Kd7 53.
Nxe5+ 1/2-1/2

[Event "Ct. Catalunya Veterans"]
[Site "Santa Susanna"]
[Date "2013.05.08"]
[Round "5"]
[White "Franquet Escriva, J."]
[Black "Mas Recorda, P."]
[Result "1/2-1/2"]
[WhiteElo "2094"]
[BlackElo "2046"]
[PlyCount "28"]
[EventDate "2013.??.??"]
[EventType "swiss"]
[EventRounds "9"]

1. e4 e6 2. d4 d5 3. Nd2 dxe4 4. Nxe4 Nd7 5. Nf3 Ngf6 6. Nxf6+ Nxf6 7. Bd3 c5
8. O-O cxd4 9. Nxd4 Be7 10. c3 O-O 11. Qe2 Bc5 12. Nb3 Qc7 13. Nxc5 Qxc5 14.
Be3 Qc7 1/2-1/2

[Event "Ct. Catalunya Veterans"]
[Site "Santa Susanna"]
[Date "2013.05.08"]
[Round "5"]
[White "Grau Brumos, I."]
[Black "Barahona Merino, G."]
[Result "1-0"]
[WhiteElo "2123"]
[BlackElo "1876"]
[PlyCount "99"]
[EventDate "2013.??.??"]
[EventType "swiss"]
[EventRounds "9"]

1. e4 c5 2. Nc3 d6 3. Nf3 Nf6 4. d4 cxd4 5. Nxd4 e6 6. Bc4 a6 7. Bb3 Be7 8. f4
O-O 9. O-O Nbd7 10. Qe2 Nc5 11. Nf3 Nxb3 12. axb3 h6 13. e5 dxe5 14. fxe5 Nh7
15. Ne4 Qc7 16. Be3 Bd7 17. Qf2 Bc6 18. Bb6 Qb8 19. Nc5 Bd8 20. Nd3 Bxf3 21.
Bxd8 Bxg2 22. Qxg2 Qxd8 23. Qxb7 Qd4+ 24. Kh1 Ng5 25. Ra4 Qe3 26. Re1 Qh3 27.
Qg2 Rfc8 28. Qxh3 Nxh3 29. Kg2 Ng5 30. c4 Rd8 31. Re3 Ra7 32. Kf2 f5 33. exf6
gxf6 34. h4 Nf7 35. b4 Rad7 36. Ke2 Rd4 37. c5 Rxh4 38. Rxa6 Rh2+ 39. Nf2 Ng5
40. c6 e5 41. c7 Rc8 42. Rc6 Kf7 43. b5 Ne6 44. Rxe6 Kxe6 45. b6 Kd7 46. Rc3
Rg2 47. b7 Rgg8 48. Ne4 Rg2+ 49. Kf3 Rxb2 50. Nxf6+ 1-0

[Event "Ct. Catalunya Veterans"]
[Site "Santa Susanna"]
[Date "2013.05.08"]
[Round "5"]
[White "Lluverol Torrents, S."]
[Black "Borras Julian, T."]
[Result "1-0"]
[WhiteElo "2070"]
[BlackElo "2010"]
[PlyCount "84"]
[EventDate "2013.??.??"]
[EventType "swiss"]
[EventRounds "9"]

1. d4 Nf6 2. c4 g6 3. Nc3 Bg7 4. e4 d6 5. f3 O-O 6. Be3 c5 7. d5 e6 8. Nge2
exd5 9. cxd5 Nbd7 10. Nc1 Qe7 11. Be2 Ne8 12. Qd2 f5 13. exf5 Rxf5 14. O-O Rf8
15. Re1 a6 16. a4 Qf7 17. a5 Nef6 18. Nb3 Re8 19. Rad1 Kh8 20. Bf1 Rb8 21. Bf4
Rxe1 22. Rxe1 Ne8 23. Ne4 Be5 24. Bxe5+ Nxe5 25. Ng5 Qf8 26. Nxc5 Bf5 27. Nce6
Bxe6 28. dxe6 Qe7 29. Nf7+ Kg7 30. Nxe5 dxe5 31. Rxe5 Rd8 32. Qc3 Kg8 33. Re1
Nf6 34. Qe5 Rd5 35. Qc3 Rc5 36. Qa3 Rc7 37. Qxe7 Rxe7 38. Bc4 Ne8 39. Kf2 Kg7
40. Re3 Nc7 41. Ke2 Kf6 42. f4 Kf5 1-0

[Event "Ct. Catalunya Veterans"]
[Site "Santa Susanna"]
[Date "2013.05.08"]
[Round "5"]
[White "Marchador Villalba, J."]
[Black "Santolaria Peña, M."]
[Result "1/2-1/2"]
[WhiteElo "2065"]
[BlackElo "1903"]
[PlyCount "177"]
[EventDate "2013.??.??"]
[EventType "swiss"]
[EventRounds "9"]

1. f4 d5 2. Nf3 g6 3. e3 Bg7 4. d4 Nf6 5. Bd3 O-O 6. O-O b6 7. Nbd2 Bb7 8. Ne5
Nbd7 9. Qf3 c5 10. c3 Rc8 11. a4 e6 12. g4 Nxe5 13. fxe5 Nd7 14. Qg3 f6 15.
exf6 Nxf6 16. Be2 cxd4 17. exd4 Qc7 18. Qxc7 Rxc7 19. g5 Nh5 20. Rxf8+ Kxf8 21.
Bxh5 gxh5 22. Nf3 Rf7 23. Kg2 Ke7 24. Kg3 Ba6 25. Be3 Be2 26. Ng1 Bd3 27. h4 e5
28. Re1 Be4 29. Re2 Rf1 30. Bf2 Kd6 31. Rd2 Ra1 32. Nf3 Bxf3 33. Kxf3 e4+ 34.
Ke3 Rxa4 35. Bg3+ Ke6 36. Rd1 Ra2 37. Rb1 b5 38. Be1 a5 39. Kd2 Bf8 40. Kc2 a4
41. Bd2 a3 42. Bc1 axb2 43. Bxb2 Ba3 44. Ra1 Rxb2+ 45. Kd1 Bd6 46. Ra7 Bg3 47.
Rxh7 Bxh4 48. Rxh5 Rh2 49. g6 e3 50. Re5+ Kf6 51. Rxe3 Kxg6 52. Re5 Rh1+ 53.
Kc2 Be1 54. Rxd5 Rh2+ 55. Kb3 Rh3 56. Rc5 Kf6 57. Kb4 Rd3 58. Kxb5 Bxc3 59. Kc4
Rg3 60. Rc6+ Ke7 61. d5 Bd2 62. Ra6 Kd7 63. Ra7+ Kc8 64. Rh7 Rc3+ 65. Kd4 Rc1
66. Ke5 Ba5 67. Rh8+ Bd8 68. Kd6 Ra1 69. Kc6 Ra6+ 70. Kb5 Rd6 71. Kc5 Rd7 72.
Kc6 Ra7 73. Rg8 Ra6+ 74. Kb5 Rf6 75. Kc5 Kd7 76. Rg7+ Be7+ 77. Kd4 Kd6 78. Rh7
Rf5 79. Kc4 Rf4+ 80. Kd3 Bf6 81. Rh5 Rd4+ 82. Ke3 Be5 83. Rh6+ Kxd5 84. Ra6 Rh4
85. Ra5+ Ke6 86. Ra8 Kf5 87. Rf8+ Bf6 88. Kf3 Rh3+ 89. Kg2 1/2-1/2

[Event "Ct. Catalunya Veterans"]
[Site "Santa Susanna"]
[Date "2013.05.08"]
[Round "5"]
[White "Navarro Alvarez, A."]
[Black "Garcia Riera, J."]
[Result "1/2-1/2"]
[WhiteElo "1973"]
[BlackElo "2054"]
[PlyCount "91"]
[EventDate "2013.??.??"]
[EventType "swiss"]
[EventRounds "9"]

1. g3 Nf6 2. Bg2 d5 3. d3 e6 4. Nf3 Be7 5. O-O O-O 6. Nbd2 Nc6 7. e4 dxe4 8.
dxe4 e5 9. c3 h6 10. Qe2 Be6 11. Qb5 Qd6 12. Qxb7 a6 13. Nd4 Nxd4 14. cxd4 Rfb8
15. dxe5 Qd7 16. Qxa8 Rxa8 17. exf6 Bb4 18. e5 Rd8 19. fxg7 Bxd2 20. Rd1 Qb5
21. Bxd2 Bg4 22. f3 Qe2 23. fxg4 Rxd2 24. Rxd2 Qxd2 25. Rf1 Qxb2 26. Rf2 Qxe5
27. Bf1 Kxg7 28. Bxa6 Qe4 29. h3 c5 30. Bc8 c4 31. Bf5 Qe3 32. Kg2 c3 33. Bc2
f6 34. Bb3 Qd4 35. Rc2 Kf8 36. Rf2 Ke7 37. Re2+ Kd6 38. Rf2 Qe4+ 39. Kh2 Qe7
40. Kg2 Kc5 41. Rf5+ Kb4 42. Rf4+ Ka3 43. Rf2 Qe4+ 44. Kh2 Qe3 45. Kg2 Qe4+ 46.
Kh2 1/2-1/2